000 00375pab a2200157 454500
008 180718b2012 xxu||||| |||| 00| 0 eng d
100 _aBhadrakumar, M.K.
245 _aSCO: Coping with changing times
260 _c2012
300 _ap.27-32.
362 _a23 Jun
650 _aShanghai Cooperation Organisation
773 _aMainstream
908 _aN
909 _a96857
999 _c96857
_d96857